Представление документа в формате MARC21

ПолеНазваниеЗначение
  Тип записи a
  Библиографический уровень m
001 Контрольный номер RU/URAIT/598659
005 Дата корректировки 20260429163647.9
008 Кодируемые данные 260429s2026 RU y f j 000 0 rus u
020 Индекс ISBN __
a ISBN 978-5-534-02204-9
c Цена, тираж 839.00
040 Источник каталогиз. __
a Служба первич. каталог. ИКО Юрайт
c Служба, преобразующая запись ИКО Юрайт
e Правила каталог. RCR
041 Код языка издания __
a Код языка текста rus
044 Код страны публикации __
a Код страны публикации RU
080 Индекс УДК __
a Индекс УДК 93(075.8)
084 Индекс другой классификации/Индекс ББК __
2 Источник индекса rubbk
a Индекс другой классификации/Индекс ББК 63.3(2)я73
100 Автор __
a Автор Ключевский В. О.
q Полное имя Ключевский Василий Осипович
245 Заглавие __
a Заглавие Лекции по русской истории в 3 ч. Часть 3. Восемнадцатый век. Реформы Петра
b Продолж. заглавия учебник для вузов
c Ответственность В. О. Ключевский.
256 Характеристики компьютерного файла __
a Характеристики компьютерного файла Электрон. дан.
260 Выходные данные __
a Место издания Москва
b Издательство Юрайт
c Дата издания 2026
300 Физическое описание __
a Объем 232 с
440 Серия __
a Серия Высшее образование
500 Примечания __
a Примечание URL: https://urait.ru/bcode/598659 (дата обращения: 29.04.2026).
520 Аннотация __
a Аннотация Лекции В. О. Ключевского, прочитанные на Высших женских курсах в Москве в 1872—1875 гг., являются самым полным и популярным его изложением истории России с древнейших времен до реформ Петра I включительно. Они впечатляют богатством информативного материала, направленного на раскрытие многообразных граней русского исторического процесса.
538 Прим. о системных особенностях __
a Прим. о системных особенностях Режим доступа: Электронно-библиотечная система Юрайт, для авториз. пользователей
653 Ключевые слова __
a Ключевые слова История России
653 Ключевые слова __
a Ключевые слова Общественные науки
653 Ключевые слова __
a Ключевые слова История России (XVIII - начало ХХ вв.)
653 Ключевые слова __
a Ключевые слова История России с древнейших времен до конца XVII века
856 Электронный адрес документа 40
n Местонахождение сервера Юрайт
g Электронная книга
q Тип электронного формата html
h Имя пользователя ЮРАЙТ
v Часы доступа к ресурсу 20271231
2 Способ доступа Показать документ
x Служебное примечание https://urait.ru/book/cover/99EFBFED-4685-4E8A-A778-776AC24D01E4
u URL https://urait.ru/bcode/598659
856 Электронный адрес документа 48
q Тип электронного формата cover
u URL https://urait.ru/book/cover/99EFBFED-4685-4E8A-A778-776AC24D01E4
911 __
u 0030=https://urait.ru/bcode/598659
911 __
u 073a=9785534022049
u 073d=839.00
911 __
u 106a=s
911 __
u 900l=
952 Тип литературы __
i Дисциплина История России (XVIII - начало ХХ вв.)
952 Тип литературы __
i Дисциплина История России с древнейших времен до конца XVII века